| 000 | 00408cam a2200157ua 4500 | ||
|---|---|---|---|
| 041 |
_amal _h |
||
| 082 |
_a894.812 308 _bKOT/KA |
||
| 100 | _aKottavila, . | ||
| 245 |
_aKathakrithinte kamuki / _cKottavila. _hTextual Documents |
||
| 260 |
_aKollam : _bSree Ramavilasam Press & Book Depot , _c1959. |
||
| 300 | _a107 ; . | ||
| 504 | _a | ||
| 650 | _aFiction - Malayalam | ||
| 942 | _cBK | ||
| 999 |
_c498 _d498 |
||